Szczegóły MARC21

Atlas zwierząt chronionych /

003 -Nazwa inst., której nr kontr. jest w polu 001 [,]
    • @
    • Nazwa instytucji, której n kontrolny jest w polu 001
    • NUKAT
005 -DATA I CZAS OSTATNIEJ MODYFIKACJI [,]
    • @
    • pole kontrolne
    • 20251014124232.0
020 -Międzynarod. znormalizowany nr książki - ISBN [ , ]
    • a
    • Numer ISBN
    • 9788370737887 Find
    • q
    • Dopowiedzenie
    • (oprawa twarda)
040 -Instytucja sporządzająca opis [ , ]
    • a
    • Instytucja, która sporządziła opis (NP)
    • WA U/87KW
    • b
    • Język katalogowania
    • pol
    • e
    • Zasady katalogowania
    • rda
    • c
    • Instytucja, która sporządziła rekord (NP)
    • WA U/KW
    • d
    • Instytucja, która zmodyfikowała rekord (P)
    • WR U/jd
    • d
    • Instytucja, która zmodyfikowała rekord (P)
    • KAT U/44LMs
942 -Rodzaj dokumentu [ , ]
    • c
    • Rodzaj dokumentu
    • Książka
100 -Hasło główne - nazwa osobowa [1, ]
    • a
    • Nazwa osobowa (NP)
    • Garbarczyk, Henryk
    • d
    • Daty biograficzne (NP)
    • (1947- ).
    • e
    • Rodzaj współpracy
    • Autor
    • 9
    • KHW
    • 65284
245 -Strefa tytułu i oznaczenia odpowiedzialności [1,0]
    • a
    • Tytuł
    • Atlas zwierząt chronionych / Find
    • c
    • Pozostałe elementy strefy tytułu i oznaczenia odpowiedzialności (NP)
    • Henryk Garbarczyk, Małgorzata Garbarczyk.
260 -Strefa adresu wydawniczego [ , ]
    • a
    • Miejsce wydania (P)
    • Warszawa :
    • b
    • Nazwa wydawcy (P)
    • Multico,
    • c
    • Data wydania (P)
    • copyright 2010.
300 -Strefa opisu fizycznego [ , ]
    • a
    • Określenie formy książki i/lub objętość (NP)
    • 448 stron :
    • b
    • Oznaczenie ilustracji (NP)
    • ilustracje ;
    • c
    • Format (NP)
    • 30 cm.
336 -Typ zawartości [ , ]
    • a
    • Termin opisujący typ zawartości
    • Tekst
    • b
    • Kod określający zawartość
    • txt
    • 2
    • Źródło (terminu i kodu)
    • rdacontent
337 -Typ mediów [ , ]
    • a
    • Tryb odtwarzania
    • Bez urządzenia pośredniczącego
    • b
    • Kod typu mediów
    • n
    • 2
    • Źródło (terminu i kodu)
    • rdamedia
338 -Typ/rodzaj nośnika [ , ]
    • a
    • Hasło opisujące typ nośnika
    • Wolumin
    • b
    • Kod typu nośnika
    • nc
    • 2
    • Źródło (terminu i kodu)
    • rdacarrier
380 -Deskryptor - Forma dzieła (P) [ , ]
    • a
    • forma dzieła (NP)
    • Książki
380 -Deskryptor - Forma dzieła (P) [ , ]
    • a
    • forma dzieła (NP)
    • Publikacje popularnonaukowe
388 -Deskryptor - czas powstania dzieła (P) [1, ]
    • a
    • Czas powstania dzieła (NP)
    • 2001-
490 -Strefa serii i książki wielotomowej - forma nie do wyszukiwania [1, ]
    • a
    • Tytuł (P)
    • Fauna Polski Find
830 -Hasło dodatkowe serii i opisu książki wielotomowej - tytuł ujednolicony/tytuł [ ,0]
    • a
    • Tytuł ujednolicony/tytuł (NP)
    • Fauna Polski - Multico
    • 9
    • KHW
    • 24652
504 -Uwaga dot. bibliogr. załącznikowej [ , ]
    • a
    • Uwaga dot. bibliografii załącznikowej
    • Bibliografia na stronach 414- 427. Indeks.
080 -Uniwersalna Klasyfikacja Dziesiętna [ , ]
    • 2
    • Identyfikator wydania tablic
    • UDC-P058
    • 9
    • UKD
    • 4453
    • a
    • Symbol klasyfikacji
    • 592/599
    • b
    • Dopowiedzenie
    • Zoologia systematyczna.
    • 4
    • UKD2
    • 7642
    • x
    • Poddział wspólny
    • (438)
    • c
    • Dopowiedzenie poddz. wspólnego
    • (Polska).
    • 4
    • UKD2
    • 10220
    • x
    • Poddział wspólny
    • (084.4)
    • c
    • Dopowiedzenie poddz. wspólnego
    • (Atlasy).
080 -Uniwersalna Klasyfikacja Dziesiętna [ , ]
    • 2
    • Identyfikator wydania tablic
    • UDC-P058
    • 9
    • UKD
    • 3996
    • a
    • Symbol klasyfikacji
    • 502.17
    • b
    • Dopowiedzenie
    • Racjonalne wykorzystanie zasobów naturalnych. Kontrola jakości środowiska. Ochrona gatunków zagrożonych. Rekultywacja. Odzysk. Technologie czyste. Recykling. Wykorzystanie odnawialnych źródeł energii. Renaturyzacja
    • 4
    • UKD2
    • 7642
    • x
    • Poddział wspólny
    • (438)
    • c
    • Dopowiedzenie poddz. wspólnego
    • (Polska).
    • 4
    • UKD2
    • 10220
    • x
    • Poddział wspólny
    • (084.4)
    • c
    • Dopowiedzenie poddz. wspólnego
    • (Atlasy).
650 -Hasło przedmiotowe [ ,7]
    • a
    • Hasło przedmiotowe
    • Zwierzęta chronione
    • z
    • Określnik geograficzny
    • Polska.
    • 2
    • Źródło terminu
    • kaba
    • 9
    • KHW
    • 434935
650 -Hasło przedmiotowe [ ,7]
    • a
    • Hasło przedmiotowe
    • Zwierzęta chronione
    • z
    • Określnik geograficzny
    • Polska
    • v
    • Określnik formalny
    • wydawnictwa ilustrowane.
    • 2
    • Źródło terminu
    • kaba
    • 9
    • KHW
    • 434949
650 -Hasło przedmiotowe [ ,7]
    • a
    • Hasło przedmiotowe
    • Zwierzęta chronione
    • 2
    • Źródło terminu
    • DBN
    • 9
    • KHW
    • 732167
650 -Hasło przedmiotowe [ ,7]
    • a
    • Hasło przedmiotowe
    • Bezkręgowce
    • 2
    • Źródło terminu
    • DBN
    • 9
    • KHW
    • 732162
650 -Hasło przedmiotowe [ ,7]
    • a
    • Hasło przedmiotowe
    • Ryby
    • 2
    • Źródło terminu
    • DBN
    • 9
    • KHW
    • 732166
650 -Hasło przedmiotowe [ ,7]
    • a
    • Hasło przedmiotowe
    • Gady
    • 2
    • Źródło terminu
    • DBN
    • 9
    • KHW
    • 732163
650 -Hasło przedmiotowe [ ,7]
    • a
    • Hasło przedmiotowe
    • Płazy
    • 2
    • Źródło terminu
    • DBN
    • 9
    • KHW
    • 732165
650 -Hasło przedmiotowe [ ,7]
    • a
    • Hasło przedmiotowe
    • Ptaki
    • 2
    • Źródło terminu
    • DBN
    • 9
    • KHW
    • 729812
650 -Hasło przedmiotowe [ ,7]
    • a
    • Hasło przedmiotowe
    • Ssaki
    • 2
    • Źródło terminu
    • DBN
    • 9
    • KHW
    • 732164
651 -Hasło przedmiotowe w formie nazwy geograficznej [ ,7]
    • a
    • Nazwa geograficzna
    • Polska
    • 2
    • Źródło terminu
    • DBN
    • 9
    • KHW
    • 721438
655 -Hasło w funkcji tematu formalnego [ ,7]
    • a
    • Hasło
    • Opracowanie
    • 2
    • Źródło terminu
    • DBN
    • 9
    • KHW
    • 721206
655 -Hasło w funkcji tematu formalnego [ ,7]
    • a
    • Hasło
    • Publikacja bogato ilustrowana
    • 2
    • Źródło terminu
    • DBN
    • 9
    • KHW
    • 721766
658 -Ujęcie treści [ , ]
    • a
    • dziedzina nauki i sztuki/ sfera aktywności życiowej
    • Biologia
658 -Ujęcie treści [ , ]
    • a
    • dziedzina nauki i sztuki/ sfera aktywności życiowej
    • Ochrona środowiska
980 -Symbol UKD [ , ]
    • a
    • UKD
    • 592/599:502.17](438)(084.4)
700 -Hasło dodatkowe - nazwa osobowa [1, ]
    • a
    • Nazwa osobowa (NP)
    • Garbarczyk, Małgorzata. Find
    • e
    • Określenie rodzaju współpracy
    • Autor
    • 9
    • KHW
    • 24651
710 -Hasło dodatkowe - nazwa ciała zbiorowego [2, ]
    • a
    • Nazwa ciała zbiorowego lub nazwa geograficzna jako pierwszy element (NP)
    • Multico Oficyna Wydawnicza.
    • e
    • Rodzaj współpracy
    • Wydawca
    • 4
    • Kod relacji
    • pbl
    • 9
    • KHW
    • 65336
920 -ISBN [ , ]
    • a
    • ISBN
    • 978-83-7073-788-7 (oprawa twarda) Find
Status udost. Numer inwentarzowy Data inwentaryzacji Lokalizacja
1Z.1154262011-05-20BG